| 000 -LEADER |
| fixed length control field |
01245cam a2200325 i 4500 |
| 005 - DATE AND TIME OF LATEST TRANSACTION |
| control field |
20200309124102.0 |
| 008 - FIXED-LENGTH DATA ELEMENTS--GENERAL INFORMATION |
| fixed length control field |
151009s2016 flu b 001 0 eng |
| 010 ## - LIBRARY OF CONGRESS CONTROL NUMBER |
| LC control number |
2015039875 |
| 020 ## - INTERNATIONAL STANDARD BOOK NUMBER |
| International Standard Book Number |
9781138027954 (hardcover : alk. paper) |
| 020 ## - INTERNATIONAL STANDARD BOOK NUMBER |
| Cancelled/invalid ISBN |
9781315686950 (ebook) |
| 040 ## - CATALOGING SOURCE |
| Original cataloging agency |
DLC |
| Language of cataloging |
eng |
| Description conventions |
rda |
| Transcribing agency |
DLC |
| Modifying agency |
DLC |
| 042 ## - AUTHENTICATION CODE |
| Authentication code |
pcc |
| 043 ## - GEOGRAPHIC AREA CODE |
| Geographic area code |
e-fr--- |
| 050 00 - LIBRARY OF CONGRESS CALL NUMBER |
| Classification number |
TH880 |
| Item number |
.P4913 2016 |
| 082 00 - DEWEY DECIMAL CLASSIFICATION NUMBER |
| Classification number |
728.047 |
| Edition number |
23 |
| Item number |
PEU |
| 100 1# - MAIN ENTRY--PERSONAL NAME |
| Personal name |
Peuportier, Bruno, |
| Relator term |
author. |
| 240 10 - UNIFORM TITLE |
| Uniform title |
<a href="Éco-conception des bâtiments et des quartiers.">Éco-conception des bâtiments et des quartiers.</a> |
| Language of a work |
English |
| 245 10 - TITLE STATEMENT |
| Title |
Eco-design for buildings and neighbourhoods / |
| Statement of responsibility, etc |
Bruno Peuportier. |
| 300 ## - PHYSICAL DESCRIPTION |
| Extent |
viii, 286 pages : |
| Other physical details |
illustrations ; |
| Dimensions |
26 cm |
| 500 ## - GENERAL NOTE |
| General note |
Translation of: Éco-conception des bâtiments et des quartiers. |
| 504 ## - BIBLIOGRAPHY, ETC. NOTE |
| Bibliography, etc |
Includes bibliographical references (pages 279-283) and index. |
| 650 #0 - SUBJECT ADDED ENTRY--TOPICAL TERM |
| Topical term or geographic name as entry element |
Ecological houses. |
| 650 #0 - SUBJECT ADDED ENTRY--TOPICAL TERM |
| Topical term or geographic name as entry element |
Community development, Urban |
| Geographic subdivision |
France |
| General subdivision |
Planning. |
| 650 #0 - SUBJECT ADDED ENTRY--TOPICAL TERM |
| Topical term or geographic name as entry element |
Dwellings |
| General subdivision |
Energy conservation. |
| 650 #0 - SUBJECT ADDED ENTRY--TOPICAL TERM |
| Topical term or geographic name as entry element |
Construction industry |
| General subdivision |
Appropriate technology. |
| 650 #0 - SUBJECT ADDED ENTRY--TOPICAL TERM |
| Topical term or geographic name as entry element |
Neighborhood planning. |
| 906 ## - LOCAL DATA ELEMENT F, LDF (RLIN) |
| a |
7 |
| b |
cbc |
| c |
orignew |
| d |
1 |
| e |
ecip |
| f |
20 |
| g |
y-gencatlg |
| 942 ## - ADDED ENTRY ELEMENTS (KOHA) |
| Source of classification or shelving scheme |
|
| 955 ## - COPY-LEVEL INFORMATION (RLIN) |
| Book number/undivided call number, CCAL (RLIN) |
rk09 2015-10-09 |
| Copy status, CST (RLIN) |
rk09 2015-10-09 |
| Classification number, CCAL (RLIN) |
xn12 2016-01-08 1 copy rec'd., to CIP ver. |